| 000 | 00000nam##2200000za#4500 |
| 001 | 9.625796 |
| 003 | CaOODSP |
| 005 | 20200327184225 |
| 007 | ta |
| 008 | 150406|2001||||xxc||||| f|0| 0 fre|d |
| 020 | |a0-662-86226-0 |
| 040 | |aCaOODSP|bfre |
| 043 | |an-cn--- |
| 086 | 1 |aH113-7/2001-10F |
| 110 | 1 |aCanada.|bSanté Canada. |bAgence de réglementation de la lutte antiparasitaire. |
| 245 | 10|aSpinosad: Insecticide Successmd 480SC Naturalyte, Insecticide Conservemd 480SC Naturalyte |
| 260 | |aOttawa - Ontario : |bSanté Canada. |c2001. |
| 300 | |a70p. : |btableaux ; |c28 cm. |
| 490 | 1 |aNote réglementaire |vREG2001-10 |
| 500 | |a«La présente note réglementaire fournit un sommaire des données examinées et les raisons à l'origine de la décision réglementaire relative à ces produits.»--Page de titre. «... pour la lutte contre les organismes nuisibles des pommiers, des plantes ornementales d'extérieur et des gazons ...»--Page de titre. |
| 520 | 3 |aLa présente note réglementaire fournit un sommaire des données examinées et les raisons à l'origine de la décision réglementaire relative à ces produits.--Page de titre ... pour la lutte contre les organismes nuisibles des pommiers, des plantes ornementales d'extérieur et des gazons ...--Page de titre |
| 563 | |aCouverture souple |
| 590 | |a01-41|b2001-10-12 |
| 691 | 07|aInsecticide|2gcpds |
| 691 | 07|aInsecte|2gcpds |
| 775 | 08|tSpinosad: SuccessTM 480SC Naturalyte Insect Control Product, ConserveTM 480SC Naturalyte Insect Control Product |w(CaOODSP)9.615777 |
| 776 | 0#|tSpinosad - Insecticide Successmd [sic] 480SC Naturalyte - Insecticide Conservemd [sic] 480SC Naturalyte |w(CaOODSP)9.603027 |
| 830 | #0|aNote réglementaire ;|vREG2001-10|w(CaOODSP)9.513063 |